| 000 | 00687nam a2200181 i 4500 | ||
|---|---|---|---|
| 001 | 25978 | ||
| 003 | ES-MaACL | ||
| 005 | 20250628063523.0 | ||
| 007 | t| | ||
| 008 | 030107s1983 sp ||||1| spa d | ||
| 245 | 0 | 3 |
_aEl arte en el cine: _b[curso octubre 1983-mayo 84 : Universidad Politécnica de Madrid, Rectorado] / _c[dossier confeccionado por Margarita Lobo ; diseño gráfico, Isabel Gómez Moreno]. |
| 260 |
_aMadrid : _bUniversidad Politécnica de Madrid, _c[1983] |
||
| 300 |
_a81 p. : _bil. col. y n. ; _c20 x 20 cm. |
||
| 650 | 4 |
_aArte- _xEn el cine. _9153070 |
|
| 710 | 2 |
_aUniversidad Politécnica de Madrid _97435 |
|
| 852 |
_aES-MaACL _jL-5921 |
||
| 999 |
_c25978 _d25978 |
||